[Event "Kuwait Blitz (Women) op"]
[Site "Kuwait"]
[Date "2023.12.01"]
[Round "1"]
[White "Ahoud, Eisa Bashkardi"]
[Black "Al Khelaifi, Salama"]
[Result "0-1"]
[WhiteElo "1205"]
[BlackElo "1700"]
[PlyCount "98"]
[EventDate "2023.12.01"]
[EventType "swiss (blitz)"]
[EventRounds "9"]
[EventCountry "KUW"]
[SourceTitle "CB50_2023"]
[SourceDate "2023.12.13"]
[SourceVersion "1"]
[SourceVersionDate "2023.12.13"]
[SourceQuality "1"]

1. e4 c6 2. d4 d5 3. Bd3 dxe4 4. Bxe4 Nf6 5. Bf3 Bf5 6. Nc3 e6 7. Nge2 Be7 8. Ng3 Bg6 9. 0-0 0-0 10. Nce2 Nbd7 11. Nf4 e5 12. Nxg6 hxg6 13. Be3 Qc7 14. dxe5 Nxe5 15. b3 Rad8 16. Qe2 Nxf3+ 17. Qxf3 Nd5 18. Rfe1 Bf6 19. Rac1 Bc3 20. Red1 Bf6 21. Ne4 Be5 22. c4 Nxe3 23. Qxe3 Bxh2+ 24. Kf1 Bf4 25. Qc3 Bxc1 26. Qxc1 Rxd1+ 27. Qxd1 Re8 28. Ng3 Rd8 29. Qe2 Qd6 30. Ne4 Qh2 31. Ng3 Qh4 32. Qe3 Qf6 33. f3 Qa1+ 34. Kf2 Qxa2+ 35. Ne2 Qd2 36. Qe7 Qd6 37. Qe3 b6 38. g3 c5 39. Qc3 Re8 40. Qc2 Qe6 41. Qd2 a6 42. f4 b5 43. Qc2 Qe3+ 44. Kf1 Qf3+ 45. Ke1 Re3 46. Kd1 Qf1+ 47. Kd2 Qxe2+ 48. Kc1 Qe1+ 49. Kb2 Re2 0-1

[Event "Kuwait Blitz (Women) op"]
[Site "Kuwait"]
[Date "2023.12.01"]
[Round "5"]
[White "Al Khelaifi, Salama"]
[Black "Al Khulaifi, Ghada"]
[Result "1-0"]
[WhiteElo "1700"]
[BlackElo "1520"]
[PlyCount "51"]
[EventDate "2023.12.01"]
[EventType "swiss (blitz)"]
[EventRounds "9"]
[EventCountry "KUW"]
[SourceTitle "CB50_2023"]
[SourceDate "2023.12.13"]
[SourceVersion "1"]
[SourceVersionDate "2023.12.13"]
[SourceQuality "1"]

1. d4 Nf6 2. Nc3 e6 3. e4 Bb4 4. Bd3 Nc6 5. Nf3 0-0 6. h4 d5 7. e5 Ne4 8. Bd2 Bxc3 9. bxc3 f6 10. exf6 Qxf6 11. Qe2 Nxd2 12. Qxd2 e5 13. dxe5 Nxe5 14. Nxe5 Qxe5+ 15. Kf1 Bf5 16. Re1 Qf6 17. Bxf5 Qxf5 18. Rh3 c6 19. h5 Rfe8 20. h6 Rxe1+ 21. Kxe1 Re8+ 22. Kf1 g6 23. Rf3 Qh5 24. Kg1 Qe5 25. Re3 Qb8 26. Qd4 1-0

[Event "Kuwait Blitz (Women) op"]
[Site "Kuwait"]
[Date "2023.12.01"]
[Round "2"]
[White "Al Khelaifi, Salama"]
[Black "Almutawaa, Salma"]
[Result "1-0"]
[WhiteElo "1700"]
[BlackElo "1048"]
[PlyCount "47"]
[EventDate "2023.12.01"]
[EventType "swiss (blitz)"]
[EventRounds "9"]
[EventCountry "KUW"]
[SourceTitle "CB50_2023"]
[SourceDate "2023.12.13"]
[SourceVersion "1"]
[SourceVersionDate "2023.12.13"]
[SourceQuality "1"]

1. d4 d5 2. Nc3 Nf6 3. Bg5 e6 4. e4 Bd6 5. e5 Bb4 6. exf6 Bxc3+ 7. bxc3 gxf6 8. Bh4 e5 9. dxe5 Nd7 10. Qxd5 c6 11. Qd4 c5 12. Qd2 b6 13. Nf3 Bb7 14. Bb5 Bxf3 15. gxf3 Qc7 16. 0-0-0 0-0 17. Qxd7 Qxe5 18. Qd3 Qf4+ 19. Kb1 Qxh4 20. Rdg1+ Kh8 21. Rg4 Qxf2 22. Qf5 h6 23. Qxf6+ Kh7 24. Qg7# 1-0

[Event "Gulf-ch Amateur (Women)"]
[Site "Kuwait"]
[Date "2019.10.26"]
[Round "6"]
[White "Al Khelaifi, Salama"]
[Black "Bekheet, Suhailah"]
[Result "1-0"]
[WhiteElo "1797"]
[BlackElo "1013"]
[PlyCount "75"]
[EventDate "2019.10.21"]
[EventType "swiss"]
[EventRounds "9"]
[EventCountry "KUW"]
[SourceTitle "CBM 195 Extra"]
[Source "ChessBase"]
[SourceDate "2020.05.31"]
[SourceVersion "1"]
[SourceVersionDate "2020.05.31"]
[SourceQuality "1"]

1. d4 d5 2. Nc3 Nf6 3. Bg5 e6 4. e4 Bb4 5. e5 h6 6. Bd2 Ne4 7. Nxe4 Bxd2+ 8. Nxd2 0-0 9. Bd3 Qg5 10. Qf3 g6 11. Ne2 f5 12. exf6 Rxf6 13. Qg3 Qxg3 14. hxg3 Kg7 15. Nf3 e5 16. Nxe5 g5 17. f4 g4 18. 0-0-0 Na6 19. c3 c5 20. Rh4 cxd4 21. Nxd4 Nc5 22. Nxg4 Nxd3+ 23. Rxd3 h5 24. Nxf6 Kxf6 25. Rxh5 Bg4 26. Rxd5 Re8 27. Kd2 a5 28. Nf3 Be6 29. Re5 b5 30. Rd6 b4 31. Nd4 bxc3+ 32. bxc3 a4 33. Nxe6 a3 34. Nd8+ Kg7 35. Rxe8 Kh7 36. Re7+ Kg8 37. Ne6 Kh8 38. Rd8# 1-0

[Event "Asia zt 3.1 (Women)"]
[Site "Sharjah"]
[Date "2011.07.07"]
[Round "3"]
[White "Al Khelaifi, Salama"]
[Black "Nouman, Amna"]
[Result "1-0"]
[WhiteElo "1757"]
[BlackElo "1725"]
[PlyCount "55"]
[EventDate "2011.07.05"]
[EventType "swiss"]
[EventRounds "9"]
[EventCountry "UAE"]
[SourceTitle "CBM 143 Extra"]
[Source "ChessBase"]
[SourceDate "2011.08.29"]
[SourceVersion "1"]
[SourceVersionDate "2011.08.29"]
[SourceQuality "1"]

1. d4 d5 2. Nc3 Nf6 3. Bg5 e6 4. Nf3 Be7 5. Bxf6 Bxf6 6. e4 b6 7. Bd3 Bb7 8. e5 Be7 9. Ne2 c5 10. c3 Nc6 11. Rc1 Qd7 12. 0-0 0-0 13. Bb1 f5 14. exf6 Bxf6 15. Qd3 g6 16. Rfe1 e5 17. dxe5 Nxe5 18. Nxe5 Bxe5 19. Ng3 Bf4 20. Rcd1 Qf7 21. Re2 Rad8 22. Rde1 Rd7 23. Bc2 a6 24. Re6 Be5 25. R6xe5 Qxf2+ 26. Kh1 d4 27. Bb3+ Kh8 28. Qf1 1-0

[Event "Asia-chT (Women) 16th"]
[Site "Guangzhou"]
[Date "2010.11.20"]
[Round "3"]
[White "Al Khelaifi, Salama"]
[Black "Al Jelda, Fatma"]
[Result "0-1"]
[WhiteElo "1761"]
[BlackElo "1836"]
[PlyCount "170"]
[EventDate "2010.11.18"]
[EventType "team-swiss"]
[EventRounds "9"]
[EventCountry "CHN"]
[SourceTitle "CBM 139 Extra"]
[Source "ChessBase"]
[SourceDate "2011.01.05"]
[SourceVersion "1"]
[SourceVersionDate "2011.01.05"]
[SourceQuality "1"]
[WhiteTeam "Qatar (W)"]
[BlackTeam "Syria (W)"]
[WhiteTeamCountry "QAT"]
[BlackTeamCountry "SYR"]

1. d4 d5 2. Nc3 Nf6 3. Bg5 Nbd7 4. Qd3 c6 5. e4 dxe4 6. Nxe4 Nxe4 7. Qxe4 h6 8. Bh4 g5 9. Bg3 Qa5+ 10. c3 f5 11. Qf3 f4 12. Qh5+ Kd8 13. Bxf4 Nf6 14. Qf7 gxf4 15. Nf3 Qd5 16. Ne5 Be6 17. Qg6 Qe4+ 18. Qxe4 Nxe4 19. Ng6 Rg8 20. Nxf4 Bd7 21. f3 Nd6 22. 0-0-0 Kc7 23. Re1 Re8 24. Bd3 Bf5 25. Bf1 Bg7 26. g4 Bd7 27. Nd3 Rgf8 28. Bg2 Nc4 29. h3 Bf6 30. f4 Bh4 31. Re2 Bg3 32. Rf1 Nb6 33. Rf3 Bh4 34. Ne5 Rf6 35. Kc2 Nd5 36. Re4 e6 37. c4 Ne7 38. Ra3 a6 39. Rb3 Bc8 40. Rf3 Ref8 41. Bf1 Ng6 42. Nd3 Bg5 43. Be2 Nxf4 44. Nxf4 Rxf4 45. Rfxf4 Rxf4 46. Rxf4 Bxf4 47. Kd3 e5 48. dxe5 Bxe5 49. b3 Kd6 50. Ke4 Ke6 51. h4 Bg3 52. g5 Kf7 53. gxh6 Bxh4 54. b4 Kg6 55. b5 cxb5 56. cxb5 a5 57. a4 Bf5+ 58. Kd4 Bc2 59. Bd3+ Bxd3 60. Kxd3 Kxh6 61. Kc4 b6 62. Kd5 Kg6 63. Kc4 Kf5 64. Kd5 Kg6 65. Kc4 Kh6 66. Kd5 Kg6 67. Kc4 Kf5 68. Kd5 Bf2 69. Kc4 Bh4 70. Kd5 Kg6 71. Kc4 Kf5 72. Kd5 Bf2 73. Kc4 Ke4 74. Kc3 Kd5 75. Kb3 Kd4 76. Ka3 Kc4 77. Kb2 Kb4 78. Kb1 Kxa4 79. Ka2 Kxb5 80. Kb3 a4+ 81. Ka3 Bc5+ 82. Ka2 Kb4 83. Kb2 a3+ 84. Ka2 Bd4 85. Kb1 Kb3 0-1

[Event "Asia rap (Women) 16th"]
[Site "Guangzhou"]
[Date "2010.11.13"]
[Round "1"]
[White "Dauletova, Gulmira"]
[Black "Al Khelaifi, Salama"]
[Result "1-0"]
[WhiteElo "2263"]
[BlackElo "1761"]
[PlyCount "131"]
[EventDate "2010.11.13"]
[EventType "swiss"]
[EventRounds "9"]
[EventCountry "CHN"]
[SourceTitle "EXT 2011"]
[Source "ChessBase"]
[SourceDate "2010.11.26"]
[SourceVersion "1"]
[SourceVersionDate "2010.11.26"]
[SourceQuality "1"]

1. e4 c6 2. d4 d5 3. Nc3 dxe4 4. Nxe4 Nf6 5. Ng3 Nbd7 6. Nf3 e6 7. Bd3 c5 8. c3 b6 9. 0-0 Be7 10. Qe2 Bb7 11. Bg5 0-0 12. Rad1 h6 13. Bc1 Rc8 14. Ne5 cxd4 15. cxd4 Nd5 16. a3 Bf6 17. Qe4 Re8 18. Nh5 Bxe5 19. dxe5 Nf8 20. Qg4 Ng6 21. Bxg6 fxg6 22. Qxg6 Qe7 23. Bxh6 Qf7 24. Qxg7+ Qxg7 25. Bxg7 Kf7 26. Bf6 Rg8 27. Ng3 Rc2 28. Rc1 Rxb2 29. Rfd1 Ra2 30. h4 Rxa3 31. h5 Ba8 32. Rd4 Ra2 33. h6 Kg6 34. Rg4+ Kh7 35. Rd4 Kg6 36. Rg4+ Kh7 37. Rxg8 Kxg8 38. Rc8+ Kh7 39. Rxa8 Kxh6 40. Ne4 Kg6 41. Rg8+ Kf5 42. Nd6+ Kf4 43. Rf8 a5 44. Rh8 Ne3 45. fxe3+ Kxe3 46. Rh3+ Kd4 47. Rb3 a4 48. Rxb6 a3 49. Ra6 Ra1+ 50. Kh2 a2 51. Nb5+ Kc4 52. Nc7 Kb3 53. Rb6+ Kc2 54. Rc6+ Kb2 55. Rb6+ Kc2 56. Ra6 Kb2 57. Nxe6 Re1 58. Nc5 a1Q 59. e6+ Re5 60. Bxe5+ Kc2 61. Rxa1 Kd2 62. e7 Ke3 63. e8Q Kd2 64. Qd7+ Ke2 65. Qd3+ Kf2 66. Qf3# 1-0

[Event "Olympiad Women-39"]
[Site "Khanty-Mansiysk"]
[Date "2010.10.01"]
[Round "10.43"]
[White "Richards, Deborah"]
[Black "Al Khelaifi, Salama"]
[Result "1/2-1/2"]
[WhiteElo "2003"]
[BlackElo "1736"]
[PlyCount "106"]
[EventDate "2010.09.21"]
[EventType "team-swiss"]
[EventRounds "11"]
[EventCountry "RUS"]
[SourceTitle "CBM 139"]
[Source "ChessBase"]
[SourceDate "2010.11.18"]
[SourceVersion "1"]
[SourceVersionDate "2010.11.18"]
[SourceQuality "1"]
[WhiteTeam "Jamaica (W)"]
[BlackTeam "Qatar (W)"]
[WhiteTeamCountry "JAM"]
[BlackTeamCountry "QAT"]

1. c4 e6 2. Nc3 d5 3. d4 Nf6 4. Qc2 Nbd7 5. cxd5 exd5 6. Bg5 c6 7. e3 Be7 8. Bd3 0-0 9. Nge2 Re8 10. 0-0 Nf8 11. f3 Ng6 12. e4 dxe4 13. fxe4 Be6 14. Rad1 Ng4 15. Bxe7 Qxe7 16. Qd2 c5 17. d5 Bd7 18. h3 c4 19. Bc2 N4e5 20. d6 Qh4 21. Nd5 Rac8 22. Nef4 Qh6 23. Nxg6 Qxg6 24. Ne7+ Rxe7 25. dxe7 Re8 26. Qd6 Qxd6 27. Rxd6 Rxe7 28. Rfd1 g6 29. R1d5 Bc6 30. Rd4 Kg7 31. a4 f6 32. Rd8 a6 33. Rc8 b5 34. Rd6 Bb7 35. Rb8 b4 36. Rb6 b3 37. Bxb3 Bxe4 38. Ba2 Nd7 39. Bxc4 Nxb8 40. Rxb8 Rb7 41. Rxb7+ Bxb7 42. b4 Kf8 43. Kf2 Ke7 44. g3 Kd6 45. Ke3 Ke5 46. h4 h6 47. Be2 g5 48. Bf3 Bc8 49. hxg5 hxg5 50. b5 axb5 51. axb5 f5 52. Kd3 g4 53. Bg2 f4 1/2-1/2

[Event "Olympiad Women-39"]
[Site "Khanty-Mansiysk"]
[Date "2010.09.30"]
[Round "9.49"]
[White "Al Khelaifi, Salama"]
[Black "Sabure, Tuduetso"]
[Result "0-1"]
[WhiteElo "1736"]
[BlackElo "2019"]
[PlyCount "126"]
[EventDate "2010.09.21"]
[EventType "team-swiss"]
[EventRounds "11"]
[EventCountry "RUS"]
[SourceTitle "CBM 139"]
[Source "ChessBase"]
[SourceDate "2010.11.18"]
[SourceVersion "1"]
[SourceVersionDate "2010.11.18"]
[SourceQuality "1"]
[WhiteTeam "Qatar (W)"]
[BlackTeam "Botswana (W)"]
[WhiteTeamCountry "QAT"]
[BlackTeamCountry "BOT"]

1. d4 d5 2. Nc3 Nf6 3. Bg5 Ne4 4. Nxe4 dxe4 5. e3 g6 6. Bc4 Bg7 7. Ne2 c6 8. Bf4 Bg4 9. h3 Bxe2 10. Qxe2 Qa5+ 11. c3 Nd7 12. Qc2 e5 13. dxe5 Bxe5 14. Bxe5 Nxe5 15. Be2 f5 16. g4 0-0-0 17. Rg1 Nd3+ 18. Bxd3 exd3 19. Qd2 Rhf8 20. a3 Qe5 21. 0-0-0 fxg4 22. hxg4 Qd5 23. Kb1 h5 24. f4 Rfe8 25. Rg3 h4 26. Rh3 g5 27. f5 Qe4 28. Rg1 Rd6 29. Kc1 c5 30. Rh2 Qxe3 31. Qxe3 Rxe3 32. Kd2 Rf3 33. c4 Rd4 34. b3 Re4 35. Rgg2 Ref4 36. Rg1 Kd7 37. Kc3 d2+ 38. Kc2 Rd4 39. Rd1 Ke7 40. Re2+ Kf7 41. Rdxd2 Rxd2+ 42. Rxd2 h3 43. Rh2 Rg3 44. Rh1 Kf6 45. b4 cxb4 46. axb4 Rxg4 47. Rxh3 Rxc4+ 48. Kb3 Rh4 49. Rc3 Rh7 50. Rf3 g4 51. Rf4 Rg7 52. Kc4 g3 53. Rf1 g2 54. Rg1 Rg3 55. Kd4 Kxf5 56. b5 Kf4 57. Kc5 Rg6 58. Kd4 Kf3 59. Kd3 a6 60. bxa6 bxa6 61. Kd2 Rd6+ 62. Kc3 Rh6 63. Kb4 Rh1 0-1

[Event "Arab-ch U18 Girls 09"]
[Site "Tripoli"]
[Date "2010.02.03"]
[Round "7.2"]
[White "Al Khelaifi, Salama"]
[Black "Al Zarouni, Kholoud Essa"]
[Result "0-1"]
[WhiteElo "1713"]
[BlackElo "1868"]
[PlyCount "60"]
[EventDate "2010.01.28"]
[EventType "tourn"]
[EventRounds "7"]
[EventCountry "LBY"]
[SourceTitle "EXT 2024"]
[Source "ChessBase"]
[SourceDate "2023.10.10"]
[SourceVersion "1"]
[SourceVersionDate "2023.10.10"]
[SourceQuality "1"]

1. d4 d5 2. c4 e6 3. Nc3 c6 4. e3 Nf6 5. Bd3 Be7 6. Nf3 0-0 7. 0-0 dxc4 8. Bxc4 b5 9. Bd3 a6 10. e4 Bb7 11. e5 Nd5 12. Ne4 Nd7 13. Nfg5 g6 14. Qg4 Kg7 15. Qh3 Rh8 16. Qf3 Qe8 17. Nc3 c5 18. Be4 cxd4 19. Nxd5 exd5 20. Bxd5 Bxd5 21. Qxd5 Bxg5 22. Bxg5 Qxe5 23. Qxd7 Qxg5 24. Qxd4+ Qf6 25. Rad1 Rad8 26. Qb4 Rhe8 27. Rxd8 Rxd8 28. Re1 Rd6 29. h3 Qd4 30. Rc1 Qxb4 0-1

[Event "Olympiad Women-38"]
[Site "Dresden"]
[Date "2008.11.15"]
[Round "3"]
[White "Al Khelaifi, Salama"]
[Black "Leite Oralova, Catarina"]
[Result "0-1"]
[WhiteElo "1707"]
[BlackElo "2153"]
[PlyCount "60"]
[EventDate "2008.11.13"]
[EventType "team-swiss"]
[EventRounds "11"]
[EventCountry "GER"]
[SourceTitle "CBM 128"]
[Source "ChessBase"]
[SourceDate "2009.01.28"]
[SourceVersion "1"]
[SourceVersionDate "2009.01.28"]
[SourceQuality "1"]
[WhiteTeam "Qatar (W)"]
[BlackTeam "Portugal (W)"]
[WhiteTeamCountry "QAT"]
[BlackTeamCountry "POR"]

1. d4 d6 2. e4 Nf6 3. Nc3 g6 4. f3 Bg7 5. Bg5 Nbd7 6. Qd2 c5 7. d5 a6 8. h4 b5 9. Bh6 Bxh6 10. Qxh6 Qa5 11. Qd2 Bb7 12. Nh3 Nh5 13. g4 Ne5 14. Kf2 Nf6 15. g5 Nh5 16. f4 Nd7 17. Bg2 h6 18. e5 dxe5 19. fxe5 0-0-0 20. Rhe1 Nb6 21. Nf4 hxg5 22. hxg5 Nc4 23. Qc1 Nxb2 24. Nxg6 fxg6 25. Qxb2 Nf4 26. e6 Rdf8 27. Kg1 Rh5 28. Re5 Qb6 29. Ne4 c4+ 30. Nf2 Nh3+ 0-1